000 01593cam a2200193 4500
001 ##L135067
008 060921n2006 000 0 eng u
035 _a(Sirsi) u135067
041 0 _aeng
245 0 0 _aCrane Road Properties v Hundalani
260 _c2006
520 _a[2006] EWHC 2066 (Ch), 28 July 2006. Concerns an agreement relating to a private road where H, in return for a right of way, had agreed to share the cost of maintenance and repair of the road. In 2002, C carried out works to the road costing in excess of £270k. C argued that H should pay half of this sum, however H refused on the grounds that the works were improvements rather than repairs. C then sought to recover £38k from H, which was 50% of what it estimated repairs would have cost, if just the required repairs had been carried out. "Held": C could only charge H for those elements of the work which had actually been done and which would have been undertaken if the road had been repaired. It could not charge for work which would have had to be carried out if the road had been repaired, but which had been avoided by the improvement works. C were therefore only entitled to recover 50% of the cost of resurfacing with asphalt and bitumen which had been carried out in the 2002 works.
590 _aIKA031006
650 2 4 _aCRANE ROAD PROPERTIES V HUNDALANI
651 4 _aEngland and Wales
_y1543-
690 _aPROPERTY-INFRASTRUCTURE-ROAD INFRASTRUCTURE
856 4 0 _uhttps://www.bailii.org/ew/cases/EWHC/Ch/2006/2066.html
_zView the law report free of charge at www.bailii.org...
942 _n0
999 _c105900
_d105900